Statistiken für Flaggen der Regionen Tschechiens - Kraj České republiky

Klicken Sie hier um das Quiz zu spielen!

Allgemein

  • Dieses Quiz wurde 51 mal gespielt
  • Das Durchschnittsergebnis liegt bei 8 aus 14

Antwortstatistiken

Antwort% Korrekt
Prag - Praha
87%
Region Südböhmen - Jihočeský kraj
73%
Region Karlsbad - Karlovarský kraj
70%
Region Pilsen - Plzeňský kraj
70%
Region Mittelböhmen - Středočeský kraj
67%
Region Südmähren - Jihomoravský kraj
63%
Region Reichenberg - Liberecký kraj
57%
Region Hochland - Kraj Vysočina
50%
Region Pardubitz - Pardubický kraj
50%
Region Aussig - Ústecký kraj
47%
Region Olmütz - Olomoucký kraj
47%
Region Mährisch Schlesien - Moravskoslezský kraj
43%
Region Zlin - Zlínský kraj
43%
Region Königgrätz - Královéhradecký kraj
40%

Verteilung der Resultate

Perzentil nach korrekt beantworteten Fragen

Anzahl Personen mit jedem Resultat

Ihre Resultats-Entwicklung

Sie haben dieses Quiz noch nicht gespielt